[Event "GBR-ch90"]
[Site "Edinburgh"]
[Date "2003.07.30"]
[Round "9.47"]
[White "Rumens, David E"]
[Black "Gilbert, Jessie L"]
[Result "1-0"]
[WhiteElo "2216"]
[BlackElo "2109"]
[PlyCount "85"]
[EventDate "2003.07.21"]
[EventType "swiss"]
[EventRounds "11"]
[EventCountry "GBR"]
[SourceTitle "BritBase"]
[Source "John Saunders"]
[SourceDate "2008.07.14"]
[SourceVersion "1"]
[SourceVersionDate "2008.07.14"]
[SourceQuality "2"]

1. f4 Nf6 2. Nf3 g6 3. d3 d5 4. e3 Bg7 5. Be2 O-O 6. O-O c5 7. a4 Nc6 8. Ne5
Qc7 9. Nxc6 Qxc6 10. Nc3 b6 11. Qe1 Bb7 12. Bf3 Qd7 13. e4 e6 14. Qg3 Ne8 15.
f5 exf5 16. exf5 Nf6 17. Bg5 Rae8 18. Qh4 Qd6 19. Bf4 Qd7 20. Nb5 Ra8 21. Bg5
Qc6 22. c4 a6 23. Nc3 Qd6 24. cxd5 gxf5 25. Bf4 Qd7 26. Be5 Ne8 27. Rae1 f6 28.
Bf4 Nd6 29. Re6 Nf7 30. Rxb6 Ne5 31. Bxe5 fxe5 32. d6 Bxf3 33. Rxf3 Bf6 34.
Qc4+ Kh8 35. Qxc5 Bg7 36. Qd5 Qa7 37. a5 Rf7 38. Rg3 Rd8 39. Rxg7 Kxg7 40.
Qxe5+ Kg8 41. Nd5 h6 42. Qe6 Kh7 43. d7 1-0

[Event "GBR-ch90"]
[Site "Edinburgh"]
[Date "2003.07.31"]
[Round "10.4"]
[White "Ganguly, Surya Shekhar"]
[Black "Pert, Nicholas"]
[Result "1/2-1/2"]
[WhiteElo "2536"]
[BlackElo "2483"]
[PlyCount "61"]
[EventDate "2003.07.21"]
[EventType "swiss"]
[EventRounds "11"]
[EventCountry "GBR"]
[SourceTitle "BritBase"]
[Source "John Saunders"]
[SourceDate "2008.07.14"]
[SourceVersion "1"]
[SourceVersionDate "2008.07.14"]
[SourceQuality "2"]

1. e4 c5 2. Nf3 Nc6 3. d4 cxd4 4. Nxd4 Nf6 5. Nc3 e5 6. Ndb5 d6 7. Bg5 a6 8.
Na3 b5 9. Bxf6 gxf6 10. Nd5 f5 11. c3 Bg7 12. exf5 Bxf5 13. Nc2 O-O 14. Nce3
Be6 15. Bd3 f5 16. Qh5 e4 17. Bc2 Ne7 18. Rd1 b4 19. O-O bxc3 20. bxc3 Kh8 21.
g3 a5 22. Bb3 Bf7 23. Qe2 a4 24. Bc4 Rc8 25. Nf4 Ng6 26. Bxf7 Nxf4 27. gxf4
Rxf7 28. Qh5 Qf6 29. c4 Bh6 30. Kh1 Bxf4 31. Nd5 1/2-1/2

[Event "GBR-ch90"]
[Site "Edinburgh"]
[Date "2003.07.31"]
[Round "10.5"]
[White "Vijayalakshmi, Subbaraman"]
[Black "Motwani, Paul"]
[Result "0-1"]
[WhiteElo "2435"]
[BlackElo "2525"]
[PlyCount "96"]
[EventDate "2003.07.21"]
[EventType "swiss"]
[EventRounds "11"]
[EventCountry "GBR"]
[SourceTitle "BritBase"]
[Source "John Saunders"]
[SourceDate "2008.07.14"]
[SourceVersion "1"]
[SourceVersionDate "2008.07.14"]
[SourceQuality "2"]

1. d4 e6 2. c4 Nf6 3. Nc3 Bb4 4. Bg5 h6 5. Bh4 c5 6. d5 d6 7. e3 Qe7 8. Rc1
Nbd7 9. dxe6 Qxe6 10. a3 Bxc3+ 11. Rxc3 Ne4 12. Rc2 g5 13. Bg3 Nb6 14. Bd3 Nxg3
15. hxg3 Bd7 16. b3 O-O-O 17. Kf1 d5 18. Qe2 dxc4 19. bxc4 Qf6 20. Nf3 Be6 21.
Kg1 Rd7 22. e4 g4 23. Ne1 Qg5 24. Kh2 Qh5+ 25. Kg1 Qg5 26. Kh2 Rhd8 27. f4 gxf3
28. gxf3 Rd4 29. f4 Qg4 30. Qf1 Qd1 31. Be2 Rd2 32. Kg1 Qb1 33. Rxd2 Rxd2 34.
Nf3 Rb2 35. Rxh6 Qxe4 36. Rh8+ Kc7 37. Qf2 Rxe2 38. Qxc5+ Qc6 39. Qe7+ Qd7 40.
Qc5+ Qc6 41. Qe7+ Nd7 42. Qd8+ Kd6 43. Rh5 Qxf3 44. c5+ Kc6 45. Qc8+ Kb5 46.
c6+ Qxh5 47. Qxb7+ Nb6 48. a4+ Kb4 0-1

[Event "GBR-ch90"]
[Site "Edinburgh"]
[Date "2003.07.31"]
[Round "10.6"]
[White "Gormally, Daniel W"]
[Black "Gallagher, Joseph G"]
[Result "0-1"]
[WhiteElo "2478"]
[BlackElo "2520"]
[PlyCount "92"]
[EventDate "2003.07.21"]
[EventType "swiss"]
[EventRounds "11"]
[EventCountry "GBR"]
[SourceTitle "BritBase"]
[Source "John Saunders"]
[SourceDate "2008.07.14"]
[SourceVersion "1"]
[SourceVersionDate "2008.07.14"]
[SourceQuality "2"]

1. e4 c5 2. Nf3 d6 3. d4 cxd4 4. Nxd4 Nf6 5. Nc3 a6 6. Be2 e5 7. Nb3 Be7 8. O-O
O-O 9. Kh1 b5 10. a4 b4 11. Nd5 Bb7 12. Nxf6+ Bxf6 13. f3 Qc7 14. a5 d5 15.
exd5 Rd8 16. Be3 Rxd5 17. Bd3 Nd7 18. Qe2 Be7 19. Be4 Rd6 20. Bxb7 Qxb7 21. Bc5
Nxc5 22. Nxc5 Qc7 23. Nd3 Rc6 24. Qe4 Rc8 25. Nxe5 Rxc2 26. Nd3 Rb8 27. b3 Bd6
28. Rab1 Rc3 29. Rfd1 Qxa5 30. Nb2 Qe5 31. Qxe5 Bxe5 32. Nc4 Bf6 33. Rd6 Rd8
34. Rxd8+ Bxd8 35. Kg1 Kf8 36. Rd1 Bf6 37. Na5 Rc5 38. Nb7 Rc7 39. Na5 Rc5 40.
Nb7 Rc3 41. Na5 Ke7 42. Re1+ Kd6 43. Re4 Kc5 44. Nb7+ Kb5 45. Nd6+ Kc6 46. Nc4
Kc5 0-1

[Event "GBR-ch90"]
[Site "Edinburgh"]
[Date "2003.07.31"]
[Round "10.7"]
[White "Arakhamia-Grant, Ketevan"]
[Black "Sattar, Reefat Bin"]
[Result "1-0"]
[WhiteElo "2408"]
[BlackElo "2475"]
[PlyCount "39"]
[EventDate "2003.07.21"]
[EventType "swiss"]
[EventRounds "11"]
[EventCountry "GBR"]
[SourceTitle "BritBase"]
[Source "John Saunders"]
[SourceDate "2008.07.14"]
[SourceVersion "1"]
[SourceVersionDate "2008.07.14"]
[SourceQuality "2"]

1. e4 e6 2. d4 d5 3. Nc3 Nf6 4. Bg5 dxe4 5. Nxe4 Be7 6. Bxf6 Bxf6 7. Nf3 Nd7 8.
Bd3 O-O 9. Qd2 b6 10. O-O-O Bb7 11. Qf4 Be7 12. h4 Nf6 13. Neg5 Qd6 14. Ne5 a5
15. Rh3 Ba6 16. Bxh7+ Nxh7 17. Ngxf7 Qxe5 18. Nh6+ gxh6 19. Qxe5 Bd6 20. Rg3+
1-0

[Event "GBR-ch90"]
[Site "Edinburgh"]
[Date "2003.07.31"]
[Round "10.8"]
[White "Bakre, Tejas"]
[Black "Haslinger, Stewart"]
[Result "1-0"]
[WhiteElo "2434"]
[BlackElo "2414"]
[PlyCount "113"]
[EventDate "2003.07.21"]
[EventType "swiss"]
[EventRounds "11"]
[EventCountry "GBR"]
[SourceTitle "BritBase"]
[Source "John Saunders"]
[SourceDate "2008.07.14"]
[SourceVersion "1"]
[SourceVersionDate "2008.07.14"]
[SourceQuality "2"]

1. c4 e5 2. Nc3 Nc6 3. Nf3 Nf6 4. e3 Be7 5. a3 d5 6. cxd5 Nxd5 7. Bb5 Bf6 8.
Ne4 O-O 9. Qc2 Bd7 10. Be2 Bf5 11. O-O g5 12. d3 g4 13. Nfd2 Bg7 14. b4 Re8 15.
Bb2 Nce7 16. Rfd1 Bg6 17. Nc4 Nc8 18. Bxg4 f5 19. Bf3 Nxb4 20. Qb3 Nd5 21. Nc3
Bf7 22. Nxd5 Bxd5 23. e4 Bf7 24. Qxb7 Nd6 25. Nxd6 Qxd6 26. Qb4 Rab8 27. Qxd6
cxd6 28. Bc3 Rb3 29. Bb4 d5 30. Rab1 Rxb1 31. Rxb1 fxe4 32. dxe4 d4 33. Bd2 Bf8
34. a4 Rc8 35. Bd1 Ba3 36. Kf1 Bg6 37. f3 Bf7 38. Ke1 Rc7 39. Bb3 Kg7 40. Bxf7
Kxf7 41. Ke2 Kf6 42. Kd3 Bd6 43. g3 h5 44. a5 Rh7 45. a6 h4 46. g4 Rh8 47. Rb7
Bc5 48. h3 Ke6 49. Kc4 Rc8 50. g5 Bb6+ 51. Kb5 Rc5+ 52. Ka4 Rc2 53. Bb4 Bd8 54.
g6 Bf6 55. g7 Rg2 56. Rb6+ axb6 57. a7 1-0

[Event "GBR-ch90"]
[Site "Edinburgh"]
[Date "2003.07.31"]
[Round "10.10"]
[White "Turner, Matthew J"]
[Black "Longson, Alexander"]
[Result "1-0"]
[WhiteElo "2519"]
[BlackElo "2225"]
[PlyCount "55"]
[EventDate "2003.07.21"]
[EventType "swiss"]
[EventRounds "11"]
[EventCountry "GBR"]
[SourceTitle "BritBase"]
[Source "John Saunders"]
[SourceDate "2008.07.14"]
[SourceVersion "1"]
[SourceVersionDate "2008.07.14"]
[SourceQuality "2"]

1. c4 d6 2. g3 e5 3. Bg2 Nf6 4. Nc3 c6 5. d3 Be7 6. e4 O-O 7. Nge2 a6 8. O-O b5
9. h3 Bb7 10. Be3 b4 11. Na4 Nbd7 12. f4 d5 13. fxe5 Nxe5 14. Rf5 Ng6 15. cxd5
cxd5 16. e5 Nd7 17. d4 Nb6 18. Nxb6 Qxb6 19. Qb3 Rad8 20. h4 Qb5 21. Rf2 Bc8
22. h5 Bg4 23. Bf1 Nh8 24. Nf4 Qb7 25. Bg2 Be6 26. Rc1 g5 27. Nd3 Rc8 28. Nc5
1-0

[Event "GBR-ch90"]
[Site "Edinburgh"]
[Date "2003.07.31"]
[Round "10.11"]
[White "Summerscale, Aaron"]
[Black "Buckley, Simon T"]
[Result "1-0"]
[WhiteElo "2492"]
[BlackElo "2267"]
[PlyCount "63"]
[EventDate "2003.07.21"]
[EventType "swiss"]
[EventRounds "11"]
[EventCountry "GBR"]
[SourceTitle "BritBase"]
[Source "John Saunders"]
[SourceDate "2008.07.14"]
[SourceVersion "1"]
[SourceVersionDate "2008.07.14"]
[SourceQuality "2"]

1. Nf3 Nf6 2. c4 e6 3. g3 b6 4. Bg2 Bb7 5. O-O c5 6. Nc3 Be7 7. Re1 O-O 8. e4
d6 9. d4 cxd4 10. Nxd4 Qc7 11. Be3 a6 12. Rc1 Nbd7 13. f4 Rac8 14. Bf2 Qb8 15.
e5 Ne8 16. Bh3 Nc5 17. b4 dxe5 18. fxe5 Rd8 19. Rb1 Nd7 20. Qe2 Qc7 21. a3 Nb8
22. Rbc1 Nc6 23. Nxe6 fxe6 24. Bxe6+ Kh8 25. Nd5 Qb8 26. Bxb6 Bc8 27. Bxd8 Bxd8
28. Bxc8 Nd4 29. Qg4 Nf3+ 30. Kg2 Nxe1+ 31. Rxe1 Qa7 32. Rf1 1-0

[Event "GBR-ch90"]
[Site "Edinburgh"]
[Date "2003.07.31"]
[Round "10.12"]
[White "McDonald, Neil R"]
[Black "Hossain, Enamul"]
[Result "0-1"]
[WhiteElo "2384"]
[BlackElo "2452"]
[PlyCount "80"]
[EventDate "2003.07.21"]
[EventType "swiss"]
[EventRounds "11"]
[EventCountry "GBR"]
[SourceTitle "BritBase"]
[Source "John Saunders"]
[SourceDate "2008.07.14"]
[SourceVersion "1"]
[SourceVersionDate "2008.07.14"]
[SourceQuality "2"]

1. e4 g6 2. d4 Bg7 3. Nc3 c6 4. Bc4 d6 5. Qf3 e6 6. Nge2 Nf6 7. Bg5 Nbd7 8. O-O
h6 9. Bh4 O-O 10. Bb3 Qc7 11. a4 b6 12. Rad1 Bb7 13. Rfe1 a6 14. Qh3 e5 15. f4
exd4 16. Nxd4 Rae8 17. Ne6 fxe6 18. Bxe6+ Kh7 19. e5 Rxe6 20. Qxe6 dxe5 21.
fxe5 Nd5 22. Bg3 Nc5 23. Nxd5 cxd5 24. Qd6 Qxd6 25. exd6 Ne4 26. d7 Nxg3 27.
hxg3 Rd8 28. Re7 Bc6 29. Re6 Bxa4 30. b3 Bb5 31. Rxb6 Rxd7 32. Kh2 d4 33. Re1
Rc7 34. Ree6 g5 35. Rb8 Rxc2 36. Rb7 Bc6 37. Rc7 Rxg2+ 38. Kh3 Bf3 39. g4 Bxg4+
40. Kxg2 Bxe6 0-1

[Event "GBR-ch90"]
[Site "Edinburgh"]
[Date "2003.07.31"]
[Round "10.13"]
[White "Webb, Laurence"]
[Black "Ghasi, Ameet"]
[Result "0-1"]
[WhiteElo "2325"]
[BlackElo "2305"]
[PlyCount "72"]
[EventDate "2003.07.21"]
[EventType "swiss"]
[EventRounds "11"]
[EventCountry "GBR"]
[SourceTitle "BritBase"]
[Source "John Saunders"]
[SourceDate "2008.07.14"]
[SourceVersion "1"]
[SourceVersionDate "2008.07.14"]
[SourceQuality "2"]

1. d4 Nf6 2. c4 g6 3. Nc3 Bg7 4. Bg5 O-O 5. Nf3 d6 6. e3 c6 7. Be2 a6 8. O-O b5
9. a3 Nbd7 10. b4 bxc4 11. Bxc4 Nb6 12. Bd3 h6 13. Bh4 a5 14. Qc2 Be6 15. Ne4
axb4 16. Nxf6+ exf6 17. axb4 Rxa1 18. Rxa1 Nd5 19. Rb1 Qb6 20. b5 c5 21. dxc5
dxc5 22. Bf1 f5 23. Bg3 Nb4 24. Qa4 Bd5 25. Be5 Bxf3 26. Bxg7 Ra8 27. Qb3 Be4
28. Bxh6 Bxb1 29. Qxb1 Qf6 30. Bf4 Nd5 31. Bg3 c4 32. e4 Ra1 33. Qc2 Qc3 34.
Qe2 Qd3 35. Qxd3 cxd3 36. Be5 Rb1 0-1

[Event "GBR-ch90"]
[Site "Edinburgh"]
[Date "2003.07.31"]
[Round "10.14"]
[White "Collins, Sam IRL"]
[Black "Gwaze, Robert"]
[Result "1-0"]
[WhiteElo "2381"]
[BlackElo "2335"]
[PlyCount "109"]
[EventDate "2003.07.21"]
[EventType "swiss"]
[EventRounds "11"]
[EventCountry "GBR"]
[SourceTitle "BritBase"]
[Source "John Saunders"]
[SourceDate "2008.07.14"]
[SourceVersion "1"]
[SourceVersionDate "2008.07.14"]
[SourceQuality "2"]

1. e4 e5 2. Nf3 Nf6 3. Nxe5 d6 4. Nf3 Nxe4 5. Nc3 Nf6 6. d4 Be7 7. Bd3 O-O 8.
h3 a6 9. O-O b5 10. a4 b4 11. Ne4 Bb7 12. Ng3 Re8 13. Re1 h6 14. Be3 Bf8 15.
Nh2 Nbd7 16. Nf5 Kh8 17. Qd2 Nd5 18. Ng4 Nxe3 19. Rxe3 Rxe3 20. Qxe3 h5 21. Nh2
g6 22. Ng3 Bg7 23. Re1 Kg8 24. Nf3 Nb6 25. h4 Nd5 26. Qe4 c6 27. Ng5 Qf6 28.
Nxh5 gxh5 29. Qh7+ Kf8 30. Qxh5 Kg8 31. Qh7+ Kf8 32. Qh5 Kg8 33. Bh7+ Kf8 34.
Bf5 Kg8 35. Bh7+ Kf8 36. Bf5 Kg8 37. Be6 fxe6 38. Qh7+ Kf8 39. Nxe6+ Kf7 40.
Ng5+ Kf8 41. Ne6+ Kf7 42. Ng5+ Kf8 43. Re6 Re8 44. Rxf6+ Nxf6 45. Qg6 Re7 46.
h5 Bc8 47. h6 Bh8 48. f3 Bd7 49. a5 Be8 50. Qd3 Nd5 51. c3 bxc3 52. bxc3 Kg8
53. Qf5 Bd7 54. Qg6+ Kf8 55. Nh7+ 1-0

[Event "GBR-ch90"]
[Site "Edinburgh"]
[Date "2003.07.31"]
[Round "10.15"]
[White "Howell, David W"]
[Black "Shaw, John Kerr"]
[Result "1-0"]
[WhiteElo "2323"]
[BlackElo "2480"]
[PlyCount "61"]
[EventDate "2003.07.21"]
[EventType "swiss"]
[EventRounds "11"]
[EventCountry "GBR"]
[SourceTitle "BritBase"]
[Source "John Saunders"]
[SourceDate "2008.07.14"]
[SourceVersion "1"]
[SourceVersionDate "2008.07.14"]
[SourceQuality "2"]

1. e4 c5 2. Nf3 Nc6 3. Bb5 g6 4. Bxc6 dxc6 5. d3 Bg7 6. h3 Nf6 7. Nc3 O-O 8.
Be3 b6 9. Qd2 e5 10. O-O Qd6 11. Bh6 Nh5 12. Nh2 Be6 13. Ne2 f6 14. Ng4 Bxg4
15. Bxg7 Nxg7 16. hxg4 Ne6 17. Rad1 Kg7 18. g3 Rh8 19. f4 h5 20. g5 fxg5 21. f5
Nd4 22. Nxd4 Qxd4+ 23. Kg2 Qd8 24. Rf2 Rf8 25. Rdf1 a5 26. f6+ Kh6 27. g4 h4
28. Rf3 Ra7 29. Rh1 Rxf6 30. Rxh4+ Kg7 31. Qxg5 1-0

[Event "GBR-ch90"]
[Site "Edinburgh"]
[Date "2003.07.31"]
[Round "10.16"]
[White "Sundararajan, Kidambi"]
[Black "Rendle, Thomas"]
[Result "1/2-1/2"]
[WhiteElo "2442"]
[BlackElo "2240"]
[PlyCount "118"]
[EventDate "2003.07.21"]
[EventType "swiss"]
[EventRounds "11"]
[EventCountry "GBR"]
[SourceTitle "BritBase"]
[Source "John Saunders"]
[SourceDate "2008.07.14"]
[SourceVersion "1"]
[SourceVersionDate "2008.07.14"]
[SourceQuality "2"]

1. Nf3 f5 2. g3 Nf6 3. Bg2 g6 4. O-O Bg7 5. d4 O-O 6. b3 Kh8 7. Bb2 d5 8. c4
Be6 9. Nbd2 c6 10. Ne5 Nbd7 11. Nd3 Bg8 12. f3 a5 13. e4 fxe4 14. fxe4 dxe4 15.
Nxe4 Nxe4 16. Bxe4 Rxf1+ 17. Qxf1 Qb6 18. c5 Qd8 19. Re1 Nf6 20. d5 cxd5 21.
Bg2 Qc7 22. Be5 Qc6 23. Bd4 Qc7 24. Ne5 Ng4 25. Qf4 Nxe5 26. Rxe5 e6 27. Bh3
Rf8 28. Qe3 Rf3 29. Qe2 Rd3 30. Qxd3 Bxe5 31. Bf2 Bg7 32. Bg2 Qe5 33. Qd2 Qc3
34. Qxc3 Bxc3 35. Bf1 e5 36. Bh3 d4 37. Bg2 Bb4 38. Bxb7 Bxc5 39. Kg2 Be6 40.
Kf3 Kg7 41. g4 {(=)} g5 42. h3 Kf6 43. Be4 h6 44. Bb7 Bf7 45. Be4 Be8 46. Bd5
Bb5 47. h4 Bb4 48. hxg5+ hxg5 49. Bg3 d3 50. Ke3 d2 51. Bf3 e4 52. Bd1 Bd3 53.
Bc7 Bc3 54. Bd8+ Kg6 55. Bc7 Bb1 56. a3 Bd3 57. Bd8 Bb1 58. Bc7 Kf6 59. Bd8+
Kg6 1/2-1/2

[Event "GBR-ch90"]
[Site "Edinburgh"]
[Date "2003.07.31"]
[Round "10.17"]
[White "Greet, Andrew"]
[Black "Hanley, Craig A"]
[Result "1/2-1/2"]
[WhiteElo "2297"]
[BlackElo "2387"]
[PlyCount "121"]
[EventDate "2003.07.21"]
[EventType "swiss"]
[EventRounds "11"]
[EventCountry "GBR"]
[SourceTitle "BritBase"]
[Source "John Saunders"]
[SourceDate "2008.07.14"]
[SourceVersion "1"]
[SourceVersionDate "2008.07.14"]
[SourceQuality "2"]

1. d4 Nf6 2. c4 c5 3. e3 cxd4 4. exd4 d5 5. Nc3 g6 6. Qb3 Bg7 7. cxd5 O-O 8.
Be2 Nbd7 9. Bf3 Nb6 10. Nge2 Bg4 11. Bxg4 Nxg4 12. Bf4 Nf6 13. d6 exd6 14. h3
Re8 15. O-O Nfd5 16. Nxd5 Nxd5 17. Qxb7 Nxf4 18. Nxf4 Bxd4 19. Rad1 Rb8 20. Qa6
Re4 21. Nd3 Qf6 22. Rd2 Rbe8 23. Qc6 g5 24. Nc1 Re1 25. Nd3 Rxf1+ 26. Kxf1 Qe6
27. b3 Rc8 28. Qf3 h6 29. Qg4 Bb6 30. Re2 Qxg4 31. hxg4 a5 32. Ke1 a4 33. Kd2
axb3 34. axb3 Ba5+ 35. b4 Bb6 36. Re1 Ra8 37. Rc1 Ra2+ 38. Rc2 Ra6 39. f3 Kg7
40. Nb2 d5 41. Nd1 Ra4 42. Kc3 Ra1 43. Rd2 d4+ 44. Kc4 Kg6 45. Kb5 Ba7 46. Kc6
f5 47. Kb7 fxg4 48. fxg4 Kf6 49. b5 Bc5 50. Nb2 Bd6 51. Nc4 Bf4 52. Rxd4 Ra2
53. b6 Rxg2 54. Kc6 Rc2 55. b7 Bb8 56. Kd5 Rc1 57. Rd2 Rb1 58. Rb2 Rxb2 59.
Nxb2 h5 60. gxh5 g4 61. Nd1 1/2-1/2

[Event "GBR-ch90"]
[Site "Edinburgh"]
[Date "2003.07.31"]
[Round "10.19"]
[White "Rudd, Jack"]
[Black "Sowray, Peter J"]
[Result "0-1"]
[WhiteElo "2219"]
[BlackElo "2346"]
[PlyCount "132"]
[EventDate "2003.07.21"]
[EventType "swiss"]
[EventRounds "11"]
[EventCountry "GBR"]
[SourceTitle "BritBase"]
[Source "John Saunders"]
[SourceDate "2008.07.14"]
[SourceVersion "1"]
[SourceVersionDate "2008.07.14"]
[SourceQuality "2"]

1. e4 c5 2. Nf3 Nc6 3. d4 cxd4 4. Nxd4 Qb6 5. Nb3 Nf6 6. Bd3 e6 7. O-O a6 8. c4
Ne5 9. Nc3 Nxd3 10. Qxd3 d6 11. Bf4 Bd7 12. Rad1 Rc8 13. e5 dxe5 14. Bxe5 Bc6
15. Rfe1 Be7 16. c5 Qb4 17. Qe2 Qg4 18. f3 Qg6 19. Qf2 O-O 20. Na5 Bxc5 21.
Qxc5 Bxf3 22. Qf2 Bxd1 23. Bxf6 Bc2 24. Be5 b5 25. Qb6 Qg5 26. Nc6 Qd2 27. Bg3
Rfe8 28. Ne5 Bg6 29. Nxg6 hxg6 30. Ne4 Qd5 31. Qxa6 Rc2 32. Qd6 Qxd6 33. Nxd6
Ra8 34. Nxb5 Rxb2 35. Nc3 Rc2 36. Re3 Ra3 37. Be1 Rcxa2 38. Nxa2 Rxe3 39. Kf2
Rb3 40. Nc3 f6 41. Ke2 g5 42. Bd2 Kf7 43. Ne4 Ra3 44. Nc5 e5 45. h3 g4 46. hxg4
Rg3 47. Ne4 Rxg4 48. Kf3 f5 49. Nc3 Ke6 50. g3 Rc4 51. Ne2 Kf6 52. Be3 Rc2 53.
Bc1 g5 54. Be3 Kg6 55. Bc1 e4+ 56. Kf2 Kh5 57. Be3 Kg4 58. Bc1 Ra2 59. Be3 Ra3
60. Bd2 Rf3+ 61. Ke1 e3 62. Bc1 Kh3 63. Kd1 Rxg3 64. Nxg3 Kxg3 65. Bxe3 f4 66.
Bc1 Kg2 0-1

[Event "GBR-ch90"]
[Site "Edinburgh"]
[Date "2003.07.31"]
[Round "10.21"]
[White "Barua, Dibyendu"]
[Black "Swathi, Ghate"]
[Result "1-0"]
[WhiteElo "2561"]
[BlackElo "2299"]
[PlyCount "77"]
[EventDate "2003.07.21"]
[EventType "swiss"]
[EventRounds "11"]
[EventCountry "GBR"]
[SourceTitle "BritBase"]
[Source "John Saunders"]
[SourceDate "2008.07.14"]
[SourceVersion "1"]
[SourceVersionDate "2008.07.14"]
[SourceQuality "2"]

1. e4 c5 2. Nf3 e6 3. d4 cxd4 4. Nxd4 Nf6 5. Nc3 Nc6 6. Nxc6 bxc6 7. e5 Nd5 8.
Ne4 Qc7 9. f4 Qb6 10. c4 Bb4+ 11. Ke2 f5 12. Nf2 Nc7 13. Nd3 Be7 14. Be3 Qb8
15. Kf2 a5 16. Be2 Na6 17. b3 c5 18. Bf3 Bb7 19. Nb2 Qc8 20. Na4 Bxf3 21. Qxf3
Rb8 22. Rad1 O-O 23. Rd2 Rf7 24. Rhd1 Bf8 25. Nc3 Nb4 26. Nb5 a4 27. Kf1 axb3
28. axb3 Na6 29. Bf2 Nc7 30. Nd6 Bxd6 31. Rxd6 Ne8 32. R6d3 Rb7 33. Ra1 d6 34.
Ra5 Qc7 35. Ra8 Rb8 36. exd6 Nxd6 37. Rxb8+ Qxb8 38. Bxc5 Ne4 39. Qd1 1-0

[Event "GBR-ch90"]
[Site "Edinburgh"]
[Date "2003.07.31"]
[Round "10.22"]
[White "McNab, Colin Anderson"]
[Black "Martyn, Rafe"]
[Result "1-0"]
[WhiteElo "2395"]
[BlackElo "2266"]
[PlyCount "59"]
[EventDate "2003.07.21"]
[EventType "swiss"]
[EventRounds "11"]
[EventCountry "GBR"]
[SourceTitle "BritBase"]
[Source "John Saunders"]
[SourceDate "2008.07.14"]
[SourceVersion "1"]
[SourceVersionDate "2008.07.14"]
[SourceQuality "2"]

1. c4 Nf6 2. Nf3 e6 3. g3 d5 4. Bg2 Be7 5. b3 c5 6. O-O O-O 7. Bb2 Nc6 8. e3 d4
9. exd4 cxd4 10. Re1 Ne8 11. a3 a5 12. Ne5 Nxe5 13. Rxe5 f6 14. Re1 e5 15. d3
Nc7 16. Nd2 Rb8 17. f4 exf4 18. gxf4 f5 19. Nf3 Bf6 20. Ne5 Qd6 21. c5 Qxc5 22.
Rc1 Qd6 23. Rxc7 Qxc7 24. Bd5+ Be6 25. Bxe6+ Kh8 26. Nd7 Qxf4 27. Bc1 Qh4 28.
Nxb8 Rxb8 29. Bxf5 g6 30. Re4 1-0

[Event "GBR-ch90"]
[Site "Edinburgh"]
[Date "2003.07.31"]
[Round "10.24"]
[White "Al Rakib, Abdullah"]
[Black "Anderton, Matthew N"]
[Result "1-0"]
[WhiteElo "2387"]
[BlackElo "2237"]
[PlyCount "83"]
[EventDate "2003.07.21"]
[EventType "swiss"]
[EventRounds "11"]
[EventCountry "GBR"]
[SourceTitle "BritBase"]
[Source "John Saunders"]
[SourceDate "2008.07.14"]
[SourceVersion "1"]
[SourceVersionDate "2008.07.14"]
[SourceQuality "2"]

1. d4 Nf6 2. c4 e6 3. Bg5 h6 4. Bh4 c5 5. d5 exd5 6. cxd5 g5 7. Bg3 Bg7 8. Nc3
b5 9. Qd3 O-O 10. Qxb5 Na6 11. e3 d6 12. Qa4 Nb4 13. Rd1 Bd7 14. Bb5 Bxb5 15.
Nxb5 Ne4 16. Ne2 Bxb2 17. a3 a6 18. Nxd6 Nxg3 19. hxg3 Qxd6 20. axb4 cxb4 21.
g4 a5 22. Ng3 Qa6 23. f3 Rac8 24. Nf5 Bg7 25. d6 Rc3 26. d7 Qb6 27. Kf2 b3 28.
Rd2 b2 29. Ne7+ Kh8 30. Nd5 Qd6 31. Rhd1 Rc1 32. Nc3 Rxd1 33. Qxd1 Qb4 34. d8=Q
Qxc3 35. Qd3 Rb8 36. Qxc3 Bxc3 37. Rd8+ Rxd8 38. Qxd8+ Kg7 39. Qd3 Bf6 40. Ke2
a4 41. Kd1 a3 42. Qb3 1-0

[Event "GBR-ch90"]
[Site "Edinburgh"]
[Date "2003.07.31"]
[Round "10.25"]
[White "Woodward, Timothy"]
[Black "Williams, Simon K"]
[Result "1/2-1/2"]
[WhiteElo "2285"]
[BlackElo "2381"]
[PlyCount "63"]
[EventDate "2003.07.21"]
[EventType "swiss"]
[EventRounds "11"]
[EventCountry "GBR"]
[SourceTitle "BritBase"]
[Source "John Saunders"]
[SourceDate "2008.07.14"]
[SourceVersion "1"]
[SourceVersionDate "2008.07.14"]
[SourceQuality "2"]

1. d4 e6 2. c4 f5 3. g3 Nf6 4. Bg2 Be7 5. Nf3 O-O 6. O-O d6 7. Nc3 Ne4 8. Qc2
Nxc3 9. Qxc3 a5 10. Re1 Nc6 11. d5 Bf6 12. Qd2 Ne7 13. dxe6 Bxe6 14. Nd4 Bxc4
15. Bxb7 Rb8 16. Nc6 Nxc6 17. Bxc6 Kh8 18. Bd5 Bxd5 19. Qxd5 a4 20. Rb1 Bc3 21.
Rd1 Qe8 22. Qc4 Qe4 23. Qxe4 fxe4 24. b3 axb3 25. axb3 Rb5 26. Bd2 Bxd2 27.
Rxd2 Rfb8 28. Rc1 R5b7 29. Rd4 Re8 30. Rcc4 e3 31. fxe3 Rxb3 32. Rxc7 1/2-1/2

[Event "GBR-ch90"]
[Site "Edinburgh"]
[Date "2003.07.31"]
[Round "10.26"]
[White "Mohota, Nisha"]
[Black "Gordon, Stephen J"]
[Result "1-0"]
[WhiteElo "2321"]
[BlackElo "2216"]
[PlyCount "79"]
[EventDate "2003.07.21"]
[EventType "swiss"]
[EventRounds "11"]
[EventCountry "GBR"]
[SourceTitle "BritBase"]
[Source "John Saunders"]
[SourceDate "2008.07.14"]
[SourceVersion "1"]
[SourceVersionDate "2008.07.14"]
[SourceQuality "2"]

1. d4 Nf6 2. c4 e6 3. Nc3 Bb4 4. e3 O-O 5. Bd3 d5 6. a3 Bxc3+ 7. bxc3 c5 8.
cxd5 exd5 9. Ne2 b6 10. f3 Ba6 11. O-O Bxd3 12. Qxd3 Re8 13. Ng3 Nc6 14. Ra2
Qd7 15. Raf2 Rad8 16. Bb2 Re6 17. Rd1 Rde8 18. Re2 h5 19. Rde1 g6 20. e4 c4 21.
Qc2 h4 22. Nf1 Nh5 23. Bc1 Qe7 24. Ne3 dxe4 25. d5 exf3 26. Rf2 Re5 27. dxc6
fxg2 28. Rxg2 Nf4 29. Rg4 Nd5 30. Qf2 Qe6 31. h3 Qxc6 32. Rf1 Qe6 33. Nf5 Rxf5
34. Qxf5 Qxf5 35. Rxf5 Re1+ 36. Rf1 Rxf1+ 37. Kxf1 b5 38. Bd2 Kg7 39. Rd4 Nf6
40. Bg5 1-0

[Event "GBR-ch90"]
[Site "Edinburgh"]
[Date "2003.07.31"]
[Round "10.28"]
[White "Pritchett, Craig"]
[Black "Redpath, Joseph"]
[Result "1/2-1/2"]
[WhiteElo "2314"]
[BlackElo "2194"]
[PlyCount "42"]
[EventDate "2003.07.21"]
[EventType "swiss"]
[EventRounds "11"]
[EventCountry "GBR"]
[SourceTitle "BritBase"]
[Source "John Saunders"]
[SourceDate "2008.07.14"]
[SourceVersion "1"]
[SourceVersionDate "2008.07.14"]
[SourceQuality "2"]

1. e4 d6 2. d4 g6 3. Nc3 Bg7 4. Nf3 a6 5. a4 Nf6 6. Be2 O-O 7. O-O Nbd7 8. e5
Ne8 9. Bf4 c5 10. Re1 cxd4 11. Qxd4 Nc7 {(=)} 12. Qe3 dxe5 13. Nxe5 Nxe5 14.
Bxe5 Bxe5 15. Qxe5 Be6 16. Rad1 Qc8 17. Qc5 Re8 18. Bf3 Rb8 19. Rd4 b6 20. Qg5
Bf5 21. Qh6 Ne6 1/2-1/2